Geography Quiz

Random Geography or City Quiz

Find Asia's Capitals With 'E' Quiz Stats

 Plays Quiz not verified by Sporcle

Challenge
Share
Tweet
Score 0/17 Timer 02:00
0 Plays Today
% Correct
New Delhi
96.7%
Seoul
96.7%
Beijing
95.3%
Bandar Seri Begawan
92.4%
Tehran
92.4%
Vientiane
92.4%
Sri Jayawardenepura Kotte
92.2%
Dushanbe
92%
Singapore
91.8%
% Correct
Beirut
91.4%
Bishkek
91.4%
Jerusalem
90.8%
Tashkent
90.6%
Yerevan
90.6%
Malé
88.9%
Taipei
84.8%
Phnom Penh
77%

You're not logged in!

Compare scores with friends on all Sporcle quizzes.
Join for Free
OR
Log In

You Might Also Like...

Show Comments

Extras

Top Quizzes Today


Score Distribution

Your Account Isn't Verified!

In order to create a playlist on Sporcle, you need to verify the email address you used during registration. Go to your Sporcle Settings to finish the process.

Report this User

Report this user for behavior that violates our Community Guidelines.

Details: